| 000 | 00977cam a2200277 i 4500 | ||
|---|---|---|---|
| 999 |
_c200444180 _d62392 |
||
| 003 | TR-AnTOB | ||
| 005 | 20230414184424.0 | ||
| 007 | ta | ||
| 008 | 050722s1965 tu 000 0 tur | ||
| 040 |
_aTR-AnTOB _beng _erda _cTR-AnTOB |
||
| 041 | 0 | _atur | |
| 050 | 4 |
_aHF6182.T9 _bB37 1965 |
|
| 090 |
_aHF6182.T9 _bB37 1965 |
||
| 111 | 2 |
_aBasında İlan ve Reklam Semineri _d(1965 : _cİstanbul) _9137729 |
|
| 245 | 1 | 0 |
_aBasında ilan ve reklam semineri : _b17,18,19 Mart 1965 : konuşmalar, komisyon raporları ve tartışmalar / _chazırlayan Samih Tiryakioğlu. |
| 264 | 1 |
_aİstanbul : _bTürkiye Basın Enstitüsü, _c1965. |
|
| 300 |
_a174 pages ; _c24 cm |
||
| 336 |
_atext _btxt _2rdacontent |
||
| 337 |
_bn _2rdamedia _aunmediated |
||
| 338 |
_avolume _bnc _2rdacarrier |
||
| 650 | 7 |
_aReklamcılık _zTürkiye _vKongreler _2etuturkob _938695 |
|
| 700 | 1 |
_aTiryakioğlu, Samih _eeditor _927070 |
|
| 942 |
_2lcc _cBK |
||